[Event "73rd RUS-ch Superfinal 2020"]
[White "Artemiev,Vladislav"]
[Black "Matlakov,Maxim"]
[Site "Moscow"]
[Round "8.2"]
[Annotator "TA"]
[Result "1-0"]
[Date "2020.12.13"]
[WhiteElo "2711"]
[BlackElo "2698"]
[PlyCount "85"]

1. b3 {} d5 2. Bb2 Bf5 3. d3 (3. Nf3 Nf6 4. g3 e6 5. Bg2 c5 6. c4 Nc6 7. cxd5 exd5 8. 0-0 d4 9. e3 d3 10. Ne5 Nxe5 11. Bxe5 Bc8 12. Bxf6 Qxf6 13. Nc3 {1/2-1/2 (64) Artemiev,V (2660)-Matlakov,M (2685)
Khanty-Mansiysk 2014} )Nd7 4. Nd2 Ngf6 5. Ngf3 c6 {[#]} 6. Nh4 $146 {
A01: Nimzowitsch-Larsen Opening.} ({Predecessor:} 6. g3 h6 7. Bg2 e6 8. 0-0 Be7 9. Re1 0-0 10. e4 dxe4 11. dxe4 Bh7 12. Qe2 Qc7 13. c4 e5 14. Bc3 Rfe8 15. b4 b6 16. Red1 Bf8 {1-0 (29) Kula,D (2201)-Navratil,J (2009) Olomouc 2018} )Bg6 7. Nxg6 hxg6 8. g3 {White has an edge.} e5 9. Bg2 Bc5 10. e3 0-0 11. 0-0 a5 12. c4 d4 13. exd4 Bxd4 14. Bxd4 exd4 15. Nf3 Qb6 16. Re1 a4 17. Rb1 axb3 18. axb3 c5 19. Qd2 Ra3 20. b4 cxb4 $1 21. Rxb4 Qd6 {Black wants to play ...Nc5.} 22. Bf1 ({Reject} 22. Rxb7 Nc5 $17 )Nc5 {next ...Nb3 is good for Black.} 23. Rb5 {aiming for Qb4.} b6 24. Qd1 Nfd7 25. h4 Rfa8 26. Rb2 Qf6 27. Ng5 Ne5 {
} 28. Rd2 Qf5 {} 29. Bh3 Qf6 {} 30. Bg2 Rf8 $1 {} (30... Nexd3 $2 31. Bxa8 Nxe1 32. Bd5 $18 )31. Ne4 Nxe4 32. Bxe4 Nd7 33. Qb1 Nc5 34. Bd5 Rb3 35. Qd1 Qf5 {} 36. Be4 Qf6 37. Ra2 Rc3 38. Ra7 g5 $2 {Black cannot hold the game after this.} (38... b5 $11 {
and Black stays safe.} )39. Bd5 $1 $18 {Strongly threatening Rxf7!} gxh4 $2 {
[#]} ({Don't blunder} 39... Nxd3 $2 40. Rxf7 $1 {} Qxf7 41. Bxf7+ Rxf7 42. Re8+ Rf8 43. Qh5 $18 )(39... Ne6 {is a better chance.} )40. Rxf7 $1 {
 Deflection} Rxf7 41. Re8+ {White mates.} Kh7 {[#]} 42. Qh5+ $1 {
 Double Attack} Qh6 43. Qxf7 {Weighted Error Value: White=0.07/
Black=0.37} 1-0

[Event "73rd RUS-ch Superfinal 2020"]
[White "Vitiugov,Nikita"]
[Black "Esipenko,Andrey"]
[Site "Moscow"]
[Round "8.4"]
[Annotator "TA"]
[Result "1/2-1/2"]
[Date "2020.12.13"]
[WhiteElo "2720"]
[BlackElo "2686"]
[PlyCount "86"]

1. e4 {} e5 2. Nf3 Nf6 3. Nxe5 d6 4. Nf3 Nxe4 5. Bd3 d5 6. Qe2 Qe7 7. 0-0 {C42: Petroff
Defence: 3 Nxe5 and unusual White 3rd moves.} Nd6 {7...Nd6 scores better than
7...Nc5.} 8. Qd1 Qd8 9. Re1+ {White is slightly better.} Be7 $1 10. c3 (10. Nc3 $14 )0-0 $11 11. Bc2 c6 12. d4 Bf5 13. Bf4 Bxc2 14. Qxc2 Na6 15. Nbd2 Nc7 {[#]} 16. h4 $146 ({Predecessor:} 16. Re2 Re8 17. Rae1 Bf8 18. Ne5 Qf6 19. Bg3 Qf5 20. Qxf5 Nxf5 21. Nd3 Nxg3 22. hxg3 f6 23. g4 Kf7 24. Nf3 Rxe2 25. Rxe2 {
1/2-1/2 (46) So,W (2786)-Caruana,F (2804) Saint Louis 2018} )g6 17. h5 Nf5 18. Ne5 Bd6 19. Ndf3 f6 20. hxg6 (20. Nd3 {feels hotter.} Qd7 21. Bxd6 Nxd6 22. Nc5 Qg4 23. hxg6 hxg6 24. Nh2 )fxe5 21. gxh7+ Kg7 (21... Kxh7 $6 22. dxe5 Ne6 23. Be3 $16 )(21... Kh8 $5 {} 22. Bxe5+ Bxe5 23. Rxe5 Nh4 $17 )22. Rxe5 (22. Bxe5+ Bxe5 23. Rxe5 Qf6 $17 )Ne6 (22... Bxe5 $2 23. Bxe5+ Kxh7 24. g4 $18 )(22... Qd7 $1 $14 )23. Rxe6 (23. Bh6+ Nxh6 24. Rxe6 Rf6 $15 )Bxf4 24. g3 Qd7 $2 (24... Qc7 $16 )25. Rae1 $18 Bd6 {White should
prevent ...Kh8.} 26. g4 Ne7 27. Qd2 Kh8 28. Nh4 Rf7 {[#]} 29. Qg5 $1 {Hoping
for Rxe7!} Rg7 30. Qf6 {Threatens to win with f3.} Kxh7 31. g5 (31. f3 $16 Rd8 32. Ng2 )Rd8 $1 $11 32. R1e3 {The position is equal.} Kg8 {aiming for ...
Rf7.} 33. g6 Rf8 34. Rxd6 {Qxg7+! is the strong threat.} Qg4+ 35. Rg3 {Qxf8+!
would kill now.} Qd1+ 36. Kg2 Rxf6 37. Rxf6 Qh5 38. Rd6 {} Kh8 39. Rh3 $1 Qg4+ 40. Kh2 $1 Qf4+ { [#] Double Attack} ({Worse is} 40... Nxg6 41. Nxg6+ (41. Nf5+ Qxh3+ 42. Kxh3 Nf4+ 43. Kh4 Rg2 $16 )Kg8 42. Rh8+ Kf7 43. Rf8# )41. Kh1 Qg4 42. Rh2 {White wants to mate with Nf5+.} Qd1+ ({
Weaker is} 42... Nxg6 43. Nxg6+ Kg8 44. Rh8+ Kf7 45. Rf8# )43. Kg2 {White
threatens Nf3+ and mate.} Qg4+ {White really could win this.  Weighted Error
Value: White=0.13/Black=0.16} 1/2-1/2

[Event "73rd RUS-ch Superfinal 2020"]
[White "Goganov,Aleksey"]
[Black "Dubov,Daniil"]
[Site "Moscow"]
[Round "8.5"]
[Annotator "TA"]
[Result "0-1"]
[Date "2020.12.13"]
[WhiteElo "2594"]
[BlackElo "2702"]
[PlyCount "72"]

1. d4 {} Nf6 2. c4 e6 3. Nf3 d5 4. g3 dxc4 5. Bg2 a6 6. 0-0 Nc6 7. Bg5 {E04: Open Catalan: 5 Nf3.} Be7 8. e3 0-0 $1 {
 is now more promising than 8...Bd7.} 9. Qc1 {The position is equal.} h6 10. Bxf6 Bxf6 11. Nfd2 e5 12. d5 {[#]} Ne7 $146 ({Predecessor:} 12... Na7 13. Nxc4 Nb5 14. Qc2 g6 15. a4 Bf5 16. Qb3 Nd6 17. Nbd2 b5 18. axb5 axb5 19. Nxd6 cxd6 20. Rxa8 Qxa8 21. Qxb5 {1/2-1/2 (29) Yuferev,O (2239)-Haba,P (2472)
Marianske Lazne 2016} )13. Nxc4 Nxd5 14. Rd1 {[#]} e4 $1 {} 15. Bxe4 c6 $1 16. Nc3 {} Be6 17. Ne2 Qe7 18. Nd4 Bg4 19. Bf3 Bh3 20. Bg2 {[#]} Bxg2 $1 21. Kxg2 Rfd8 22. a3 {Black converts the
advantage convincingly.} c5 23. Nf3 b5 $36 { Black is really
pushing.} 24. Ncd2 (24. Na5 $142 Rac8 25. Qc2 )c4 25. e4 Nb6 26. Re1 Nd7 27. Re2 Nc5 {Hoping for ...Nd3.} 28. e5 (28. Qc2 $17 {was worth a try.} )Bg5 $19 29. Nxg5 hxg5 30. Qc2 Rd3 31. Rae1 Rad8 32. Ne4 Qb7 ({Much less strong
is} 32... Qxe5 33. Nxc5 Qxc5 34. Re5 $19 )33. Kg1 Ne6 {aiming for ...Nd4.} 34. Re3 g4 {Threatens to win with ...Nd4.} 35. Rxd3 (35. h4 $142 )cxd3 (35... Rxd3 $2 36. Kf1 $19 )36. Qc1 (36. Qd1 $142 d2 37. Nxd2 )Nd4 {Weighted
Error Value: White=0.32/Black=0.03} 0-1

[Event "73rd RUS-ch Superfinal 2020"]
[White "Nepomniachtchi,Ian"]
[Black "Fedoseev,Vladimir"]
[Site "Moscow"]
[Round "8.6"]
[Annotator "TA"]
[Result "1/2-1/2"]
[Date "2020.12.13"]
[WhiteElo "2784"]
[BlackElo "2674"]
[PlyCount "101"]

1. e4 {} c5 2. Nf3 d6 3. Bb5+ Nd7 4. a4 Ngf6 5. Nc3 a6 6. Be2 {B51: Sicilian: Moscow Variation (3 Bb5+) without 3...Bd7.} b6 7. d4 cxd4 8. Qxd4 Bb7 9. 0-0 e5 10. Qe3 Qc7 11. Rd1 Be7 12. Nd2 0-0 {[#]} 13. Nb3 $146 ({Predecessor:} 13. Nc4 Nc5 14. f3 Rfd8 15. b4 Ncd7 16. Ba3 Rab8 17. b5 Nc5 18. Bxc5 dxc5 19. bxa6 Bxa6 {1-0 (39) Giri,A (2783)-Salem,A (2660) St
Petersburg 2018} )Rfd8 14. Bf3 Bc6 15. Qe2 h6 16. g3 b5 17. axb5 axb5 18. Rxa8 Rxa8 19. Nxb5 Bxb5 20. Qxb5 Qxc2 {[#] And now ...Rb8 would win.} 21. Qd3 Qxd3 22. Rxd3 Ra4 23. Rc3 Nxe4 24. Rc7 Nef6 25. Bc6 Rb4 26. Bxd7 {[#] aiming
for Na5.} Rxb3 27. Ba4 Rb4 28. Bc2 Bf8 29. Rc8 g5 30. h4 Kg7 31. hxg5 hxg5 32. Bxg5 Rxb2 33. Bf5 Nd5 34. Be4 Rb5 35. Rd8 Nc3 36. Bd3 Rd5 37. Bf5 e4 38. g4 Ne2+ $1 39. Kg2 Nd4 40. Bf4 $1 Nxf5 41. gxf5 $15 { Endgame KRB-KRB} f6 (41... Rxf5 $15 42. Bxd6 Bxd6 43. Rxd6 Rf3 )42. Re8 Rxf5 43. Rxe4 Kf7 44. Ra4 Rb5 45. Kf3 d5 46. Ra6 Bc5 47. Rc6 Rb3+ 48. Kg4 {The position is equal.} Be7 49. Kf5 Rf3 50. Rc7 Rxf2 51. Rd7 {Weighted Error Value: White=0.04/Black=0.
05} 1/2-1/2

[Event "73rd RUS-ch Superfinal 2020"]
[White "Fedoseev,Vladimir"]
[Black "Karjakin,Sergey"]
[Site "Moscow"]
[Round "9.1"]
[Annotator "TA"]
[Result "1/2-1/2"]
[Date "2020.12.14"]
[WhiteElo "2674"]
[BlackElo "2752"]
[PlyCount "80"]

1. d4 {} Nf6 2. c4 e6 3. Nc3 Bb4 4. f3 d5 5. a3 Bxc3+ 6. bxc3 c5 7. cxd5 Nxd5 8. dxc5 Qa5 9. e4 Nf6 10. Be3 0-0 11. Qb3 Nfd7 12. Bb5 {E25: Nimzo-Indian: Sämisch: 5..
.c5 6 f3 d5 7 cxd5.} Na6 13. Bxa6 Qxa6 14. a4 Ne5 15. Qb5 Qxb5 16. axb5 Bd7 17. Rb1 {[#]} Rfc8 $146 ({Predecessor:} 17... Nc4 18. Bf2 Rfd8 19. Ne2 e5 20. Ng3 a5 21. c6 bxc6 22. b6 Bc8 23. 0-0 Nd2 {1/2-1/2 (34) Gonzalez Barcina,F (2189)
-Cid Prolongo,C (2163) ICCF email 2014} )18. Ne2 Nd3+ 19. Kd2 Nxc5 20. c4 b6 21. Bxc5 Rxc5 22. Rb4 a5 23. bxa6 $1 Rxa6 24. Nc3 Kf8 25. Rhb1 f6 26. Kd3 Rc6 27. f4 Be8 28. g4 Ke7 29. h4 Ra8 30. Nb5 Rd8+ 31. Ke3 Rc5 32. Nd4 Bd7 33. Nb3 Rc7 {The position is equal.} 34. g5 e5 35. gxf6+ gxf6 36. fxe5 fxe5 37. Rg1 {
With the idea Rg5.} b5 38. Nd2 Kf6 39. Rf1+ Ke7 40. Rg1 ({Wrong is} 40. cxb5 $2 Rc3+ 41. Ke2 Bg4+ 42. Nf3 Ra8 $19 )Kf6 {A rather calm draw.  Weighted
Error Value: White=0.03/Black=0.03} 1/2-1/2

[Event "73rd RUS-ch Superfinal 2020"]
[White "Dubov,Daniil"]
[Black "Nepomniachtchi,Ian"]
[Site "Moscow"]
[Round "9.2"]
[Annotator "TA"]
[Result "1-0"]
[Date "2020.12.14"]
[WhiteElo "2702"]
[BlackElo "2784"]
[PlyCount "79"]

1. d4 {} Nf6 2. c4 g6 3. Nc3 d5 4. cxd5 Nxd5 5. e4 Nxc3 6. bxc3 Bg7 7. Bb5+ c6 8. Ba4 b5 9. Bb3 a5 {D85: Exchange Grünfeld: Unusual White 7th
moves and lines with 7 Nf3.} 10. Nf3 0-0 11. 0-0 a4 {The position is equal.} 12. Bc2 c5 13. Rb1 Nc6 { [#]} 14. d5 $146 ({Predecessor:} 14. Be3 cxd4 15. cxd4 Bg4 16. Rxb5 Bxf3 17. gxf3 Bxd4 18. Rd5 Bxe3 19. Rxd8 Rfxd8 20. Qe2 {1/2-1/2 (33) Nakamura,H (2754)-Nepomniachtchi,I (2775) Paris 2019} )Ne5 $1 15. Nxe5 ({But not} 15. Rxb5 Ba6 $15 )Bxe5 16. Bh6 ({Of course not
} 16. Rxb5 Ba6 $15 )Ba6 (16... Re8 {feels hotter.} 17. Be3 Qa5 18. c4 bxc4 19. f4 Bg7 )17. Bxf8 Kxf8 18. f4 Bxc3 19. Rf3 $36 { White is
pushing.} Qa5 ({Better is} 19... Bd4+ $11 20. Kh1 Kg8 )20. e5 $14 {And now f5
would win.} Kg8 (20... Kg7 $16 )21. Kh1 Rd8 $2 {A mistake that costs the game.} (21... b4 $16 {was called for.} )22. e6 $1 $18 fxe6 $2 {[#]} (22... Bb7 23. exf7+ Kf8 )23. Bxg6 $1 { White is clearly winning.} hxg6 {[#]} 24. Qc2 $1 { Double Attack} Bg7 25. Rg3 g5 {[#]} 26. Qg6 $1 {
 Double Attack} Qd2 27. Rxg5 {} Qc3 28. Qxe6+ {
 Double Attack} Kf8 29. Re1 Qxe1+ 30. Qxe1 Bf6 31. Qh4 Rd6 {[#]} 32. Qh7 $1 {} Ke8 33. Qg8+ Kd7 34. Qa8 {Rg8 would kill now.} Bxg5 35. fxg5 {KQ-KRB} c4 36. h4 b4 37. Qa7+ Ke8 38. Qb8+ { Double
Attack} Kf7 39. Qxb4 Rxd5 40. Qxa4 {Weighted Error Value: White=0.06/Black=0.37
} 1-0

[Event "73rd RUS-ch Superfinal 2020"]
[White "Esipenko,Andrey"]
[Black "Goganov,Aleksey"]
[Site "Moscow"]
[Round "9.3"]
[Annotator "TA"]
[Result "1-0"]
[Date "2020.12.14"]
[WhiteElo "2686"]
[BlackElo "2594"]
[PlyCount "155"]

1. e4 {} e5 2. Nf3 Nc6 3. Bb5 Nf6 4. d3 Bc5 5. Nc3 0-0 6. Bxc6 {C48: Four Knights: 4
Bb5, replies other than 4...Bb4.} dxc6 7. Ne2 $5 { [#] Exploring less
charted territory.} Bd6 $146 ({Predecessor:} 7... Re8 8. h3 Nd7 9. g4 Bb4+ 10. Kf1 Bf8 11. Ng3 Nc5 12. Be3 f6 13. Nf5 Ne6 {0-1 (40) Caruana,F (2794)-Grischuk,
A (2785) Saint Louis 2017} )8. Ng3 {The position is equal.} Nd7 9. Nf5 Nc5 10. g4 Ne6 11. h4 c5 12. Rg1 b5 {} 13. Be3 a5 14. h5 a4 15. a3 b4 16. Nd2 Ra6 (16... Be7 $5 )17. Nc4 Ng5 18. Rg3 bxa3 19. Rxa3 Be6 (19... Ne6 $11 {keeps the balance.} )20. Qd2 $16 h6 21. Qc3 f6 22. Bxg5 hxg5 23. Ke2 Qd7 24. Rg1 Rfa8 25. Rga1 Bf8 26. f3 Qc6 27. Nfe3 Kh7 28. Qe1 Qb7 29. Kf2 Kh8 30. R1a2 Bd7 31. Nd5 Be6 (31... R8a7 $142 )32. Nc3 Qc6 33. Qa1 Bxc4 34. dxc4 Qd7 35. Nd5 c6 36. Ne3 $1 ({Reject} 36. Rxa4 $6 Rxa4 37. Rxa4 Rd8 $11 )Qd2+ 37. Kg3 Rd8 38. Qg1 Qb4 39. Qc1 Ra7 40. c3 Qb8 41. Rxa4 Rad7 42. Ra6 Qb7 43. Qa1 Rd2 44. Ra8 Kg8 45. Rxd8 Rxd8 46. Qc1 Rd3 47. Kf2 Rd8 48. Ke2 Qd7 49. Qc2 Qb7 50. Ra1 Rb8 51. Rb1 Qa6 52. Rd1 Qa2 53. Rd2 Rb7 54. Kf2 Rb6 55. Kg3 Rb8 56. Qc1 Rb7 57. Kf2 Rb8 58. Rc2 Rd8 59. Qe1 Rd7 60. Rd2 Rb7 {[#]} 61. Qe2 $1 {Cut Off at move 61} Qb1 62. Nd1 Be7 63. Ne3 $2 (63. Kg3 $18 )Rb8 $2 (63... Bf8 $1 $11 {and Black is okay.} )64. Kg2 $18 Rb7 65. Nd1 Kf8 66. Kh3 Kf7 67. Qf2 Kg8 68. Ne3 Qh1+ 69. Kg3 Qb1 70. Qf1 Qa2 71. Qe2 Bf8 72. Kh2 Qb1 73. Kg2 (73. Nd1 $16 )Qa1 $2 (73... Be7 $1 $11 {and Black stays safe.} )74. Qd1 $36 { White is in control.} Qa2 $2 (74... Qa8 75. Rc2 Qa2 )75. b4 Qa3 $2 {[#]} (75... Qa8 76. h6 gxh6 )76. b5 $1 {} cxb5 {[#]} 77. Rd8 $1 {} Rf7 78. Qd5 {Weighted Error Value: White=0.03/Black=0.06} 1-0

[Event "73rd RUS-ch Superfinal 2020"]
[White "Chigaev,Maksim"]
[Black "Vitiugov,Nikita"]
[Site "Moscow"]
[Round "9.4"]
[Annotator "TA"]
[Result "1/2-1/2"]
[Date "2020.12.14"]
[WhiteElo "2619"]
[BlackElo "2720"]
[PlyCount "37"]

1. e4 {} c5 2. Nf3 d6 3. d4 cxd4 4. Nxd4 Nf6 5. Nc3 a6 6. Bg5 e6 7. f4 Qb6 8. Qd2 Qxb2 9. Rb1 Qa3 10. f5 Nc6 11. fxe6 {B97: Sicilian Najdorf: Poisoned Pawn.} Bxe6 {[#]} 12. Nxe6 $146 (12. Rxb7 $5 {} Nxd4 13. Qxd4 $14 )({Predecessor:} 12. Rxb7 Nxd4 13. Qxd4 Be7 14. Bc4 h6 15. Bd2 Rc8 16. Bxe6 fxe6 17. Ke2 Rf8 18. Rf1 Rf7 {1/2-1/2 (56) Tonisson,P (2382)-Ponomarjov,R (2314) ICCF email 2015} )fxe6 13. Rxb7 Be7 14. Rb3 Qc5 15. Be3 $1 {} Qe5 16. Bf4 (16. Rb6 $5 {} Nd8 17. Rxa6 Rxa6 18. Bxa6 $14 )Qc5 {The position is
equal.} 17. Be3 Qe5 18. Bf4 Qc5 19. Be3 {Not much happened in this game. 
Weighted Error Value: White=0.08/Black=0.08} 1/2-1/2

[Event "73rd RUS-ch Superfinal 2020"]
[White "Svidler,Peter"]
[Black "Artemiev,Vladislav"]
[Site "Moscow"]
[Round "9.6"]
[Annotator "TA"]
[Result "1/2-1/2"]
[Date "2020.12.14"]
[WhiteElo "2723"]
[BlackElo "2711"]
[PlyCount "127"]

1. e4 {} c5 2. Nf3 e6 3. d4 cxd4 4. Nxd4 Nf6 5. Nc3 Nc6 6. Nxc6 bxc6 7. e5 Nd5 8. Ne4 Bb7 9. Be2 {B45: Sicilian Four Knights.} c5 10. 0-0 Qc7 11. Nd6+ {White is slightly
better.} Bxd6 12. exd6 Qc6 13. f3 c4 (13... Qxd6 $2 14. c4 $18 )14. Qd4 0-0 15. Bxc4 Qxd6 {[#] 15...Qxd6 scores better than 15...Rfc8.} 16. Be2 $5 $146 {
 An interesting novelty.} ({Predecessor:} 16. Rd1 Rfc8 17. b3 Qb6 18. Qxb6 Nxb6 19. Bd3 d5 20. a4 Nd7 21. a5 a6 22. Bb2 {1-0 (86) Vachier Lagrave,M 
(2774)-Kovalenko,I (2674) Khanty-Mansiysk 2019} )e5 17. Qf2 Qg6 18. c4 Nb4 19. Be3 Rfd8 20. Rad1 e4 21. f4 f6 22. Rd6 Nd3 23. Qg3 Qxg3 24. hxg3 Rac8 25. b3 Rc6 26. Rd4 Ra6 27. Bxd3 exd3 28. Rf2 ({But not} 28. Rxd3 Rxa2 29. Rf2 Ra1+ 30. Rf1 Ra2 $11 )Re8 29. Rxd3 Re7 30. Rfd2 Be4 31. Rc3 Bf5 32. Kf2 h5 33. a4 Kf7 34. Bc5 Re8 35. Re3 Rb8 36. Rd5 Kg6 37. Bd4 Rc8 38. Rc5 Ra8 {[#]} (38... Rxc5 $14 39. Bxc5 Bc2 )39. Rc7 $1 $16 Rd6 40. Bxa7 ({Don't take} 40. Rxa7 Rb8 $16 )Bg4 41. a5 Rd2+ 42. Kg1 Rb2 43. Bb6 Rb1+ 44. Kh2 Rb2 45. c5 ({White should play} 45. Rc5 $18 )Ra2 46. b4 Rb2 47. Ra7 (47. f5+ $18 Bxf5 48. Re7 )Rxa7 $14 48. Bxa7 Rxb4 { Endgame KRB-KRB} 49. Ra3 Bf5 {[#]} 50. c6 $1 {} Rc4 $1 (50... dxc6 51. a6 )51. Bc5 Rxc5 {
KRB-KR} 52. a6 Rxc6 {White must now prevent ...Be4.} ({Don't go for} 52... dxc6 $2 53. a7 $18 )53. a7 Rc8 {And now ...Be4 would win.} 54. a8=Q Rxa8 55. Rxa8 {
KR-KB} Be6 56. Ra5 Bg4 57. Kg1 Bf5 58. Kf2 Be4 59. Rc5 Bc6 60. g4 hxg4 {
The position is equal.} 61. g3 f5 62. Ke3 Kf6 63. Ra5 g5 64. Rc5 {Blacks
defense is rewarded with a draw.  Weighted Error Value: White=0.07/Black=0.06} 1/2-1/2

[Event "73rd RUS-ch Superfinal 2020"]
[White "Karjakin,Sergey"]
[Black "Artemiev,Vladislav"]
[Site "Moscow"]
[Round "10.1"]
[Annotator "TA"]
[Result "1-0"]
[Date "2020.12.15"]
[WhiteElo "2752"]
[BlackElo "2711"]
[PlyCount "101"]

1. e4 {} e5 2. Nf3 Nc6 3. Bb5 a6 4. Ba4 d6 5. c3 Bd7 6. 0-0 g6 7. d4 Nf6 8. Re1 Bg7 9. h3 $1 { is
currently scoring better than 9.Nbd2. C79: Ruy Lopez: Steinitz-type lines with
3...a6 4 Ba4 Nf6 5 0-0 d6.} 0-0 10. Bc2 b5 {} 11. Be3 {White is slightly better.} exd4 12. cxd4 Nb4 13. Nc3 {aiming for Bb3.} Nxc2 14. Qxc2 b4 15. Ne2 Re8 16. Ng3 {[#]} h6 $146 ({Predecessor:} 16... Bb5 17. d5 Nd7 18. Qd2 Nc5 19. Bxc5 dxc5 20. Rad1 Qe7 21. e5 Rad8 22. Qf4 Rd7 {
1-0 (56) Gerola,G (2498)-Raupach,F (2506) ICCF email 2011} )17. Bd2 a5 18. a3 bxa3 19. Rxa3 a4 20. Qc1 Kh7 {[#]} 21. e5 $1 $36 {
Black is under pressure.} Ng8 22. Re4 f6 23. Rh4 Rf8 (23... d5 $16 24. Bg5 Re6 )24. exf6 (24. Ne4 $18 {Threatens to win with exf6.} fxe5 25. dxe5 dxe5 26. Rd3 Rxf3 27. gxf3 Qxh4 28. Rxd7 )Bxf6 $14 25. Rf4 Rc8 26. d5 c6 27. dxc6 (27. Raxa4 cxd5 28. Qb1 Bxa4 $17 )Bxc6 28. Bc3 Bxf3 29. Rxf3 d5 {White must
now prevent ...d4.} 30. Qd1 ({Not} 30. Rxa4 d4 $17 )Bxc3 31. Rfxc3 Qb6 32. Qc2 Rxc3 33. Rxc3 Ne7 {[#]} 34. h4 $1 Kg7 35. h5 g5 36. Re3 Rf7 37. Qe2 Nf5 $2 { Loses the game.} (37... Qc5 $16 )38. Re6 $18 Qd4 39. Rg6+ Kf8 40. Nxf5 Rxf5 41. Rxh6 $2 { Endgame KQR-KQR} (41. Qc2 Rf6 42. Qc8+ Kf7 43. Qg8+ Ke7 44. Rg7+ (44. Qg7+ Ke6 $14 )Kd6 45. Qb8+ Ke6 46. Qc8+ Kd6 47. Qc7+ Ke6 48. Re7+ Kf5 49. Qd7+ Kf4 50. g3+ Kf3 51. Re3+ Qxe3 52. fxe3 )Rf6 (41... Qe4 {was called for.} 42. Qxe4 dxe4 )42. Rh8+ ({Don't play} 42. Rh7 Rf4 $18 )Kg7 43. Re8 {White wants to mate with Qe7+.} g4 $2 (43... Qc5 $18 44. g3 Kh6 )44. Qe7+ {White mates.} Kh6 45. Rh8+ Kg5 46. Rg8+ Kh4 47. g3+ Kh3 48. Qe1 {} Qd3 49. Re8 a3 50. Re2 {} Rxf2 51. Qxf2 {Weighted Error Value: White=0.21/Black=0.35} 1-0

[Event "73rd RUS-ch Superfinal 2020"]
[White "Vitiugov,Nikita"]
[Black "Matlakov,Maxim"]
[Site "Moscow"]
[Round "10.3"]
[Annotator "TA"]
[Result "1/2-1/2"]
[Date "2020.12.15"]
[WhiteElo "2720"]
[BlackElo "2698"]
[PlyCount "47"]

1. e4 {} e5 2. Nf3 Nc6 3. Bb5 Nf6 4. 0-0 Nxe4 5. d4 Nd6 6. dxe5 Nxb5 7. a4 Nbd4 8. Nxd4 d5 9. exd6 Nxd4 10. Qxd4 Qxd6 11. Qe4+ Qe6 12. Qd4 Qd6 13. Qe4+ Qe6 14. Qd4 Qd6 {Predecessor:} 15. Qe3+ $146 {C67: Ruy Lopez:
Berlin Defence: 4 0-0 Nxe4.} Be6 16. Nc3 Qc6 17. Nb5 Bc5 18. Qc3 0-0 19. Bf4 Rfc8 20. Nd4 Bxd4 21. Qxd4 Rd8 22. Qb4 a5 23. Qb5 Qxb5 24. axb5 {1/2-1/2 (32)
Wei,Y (2732)-Grischuk,A (2777) Chess.com INT 2020} 1/2-1/2

[Event "73rd RUS-ch Superfinal 2020"]
[White "Goganov,Aleksey"]
[Black "Chigaev,Maksim"]
[Site "Moscow"]
[Round "10.4"]
[Annotator "TA"]
[Result "1-0"]
[Date "2020.12.15"]
[WhiteElo "2594"]
[BlackElo "2619"]
[PlyCount "67"]

1. c4 {} g6 2. g3 Bg7 3. Bg2 e5 4. Nc3 Nc6 5. e4 d6 6. Nge2 Nh6 7. d3 f5 8. Nd5 {A26: English Opening vs King's Indian with ...Nc6 and d3.} 0-0 9. h4 Nf7 $1 {[#]} 10. Be3 $146 {The position is equal.} ({Predecessor:} 10. h5 g5 11. exf5 Bxf5 12. Nec3 Nd4 13. Ne3 Bc8 14. Ne4 h6 15. 0-0 c6 16. Bd2 {0-1 (38) Koshy,V (2415)-Prasad,D (2445) India 1994} )Nd4 $1 11. Qd2 Nxe2 12. Qxe2 c6 13. Nc3 f4 14. Bd2 Nh6 15. f3 fxg3 16. Bg5 Qe8 17. Be3 Nf7 18. 0-0-0 Nd8 19. Qe1 Ne6 20. Qxg3 Nf4 21. Bxf4 exf4 22. Qf2 h5 23. d4 Be6 24. Bf1 a6 25. Rg1 Bf7 26. Bd3 b5 27. e5 dxe5 (27... bxc4 $11 28. Bc2 dxe5 29. dxe5 Qxe5 )28. d5 ({Better is} 28. Qg2 $1 $14 )cxd5 29. Nxd5 (29. cxd5 $11 Kh8 30. Bc2 )e4 (29... Rc8 $15 {stays ahead.} 30. Be4 Rxc4+ 31. Kb1 Kh7 )30. Bxe4 $16 {Strongly threatening Qc5.} bxc4 $2 { [#] This costs Black
the game.} (30... Rc8 $16 31. c5 Kh8 )31. Bxg6 $1 $18 {} Rb8 (31... Bxg6 $142 32. Rxg6 Rd8 )32. Be4 {Intending Nf6+ and mate.} Bxd5 {[#]} 33. Rxg7+ $1 { Clearance} Kxg7 34. Qg1+ {Weighted Error Value: White=0.08/
Black=0.66} 1-0

[Event "73rd RUS-ch Superfinal 2020"]
[White "Nepomniachtchi,Ian"]
[Black "Esipenko,Andrey"]
[Site "Moscow"]
[Round "10.5"]
[Annotator "TA"]
[Result "1-0"]
[Date "2020.12.15"]
[WhiteElo "2784"]
[BlackElo "2686"]
[PlyCount "101"]

1. e4 {} e5 2. Nf3 Nf6 3. Nxe5 d6 4. Nf3 Nxe4 5. d4 d5 6. Bd3 Bd6 7. 0-0 0-0 8. c4 c6 9. Nc3 Nxc3 10. bxc3 dxc4 11. Bxc4 Bf5 12. Bg5 {C42: Petroff Defence: 3 Nxe5 and unusual White
3rd moves.} Qa5 13. d5 $5 { And now dxc6 would win. An interesting
side line.} Qc7 14. Re1 {White has an edge.} h6 {[#]} 15. Nh4 $146 ({
Predecessor:} 15. Bh4 Bg6 16. Bd3 Bh5 17. h3 c5 18. g4 Bg6 19. g5 h5 20. Bxg6 fxg6 21. Re6 {1-0 (27) Kasimdzhanov,R (2657)-Lei,T (2469) Douglas 2019} )Bh7 $1 (15... Bxh2+ $2 16. Kh1 $18 )16. Bxh6 $1 gxh6 17. Qg4+ Kh8 18. Nf5 $1 Bxf5 19. Qxf5 f6 {White must now prevent ...cxd5.} 20. Rad1 cxd5 $1 21. Rxd5 $40 { Black needs to defend precisely.} Qxc4 22. Rxd6 Qf7 $1 {
...Nc6 is the strong threat.} ({Stronger than} 22... Qxa2 23. Rxf6 Qxf2+ 24. Qxf2 Nd7 25. Rxh6+ Kg7 26. Qh4 Rfe8 27. Qg5+ Kf8 28. Rf1+ Nf6 29. Qxf6+ Kg8 30. Rh8# )({Don't blunder} 22... Qxc3 $2 23. Rde6 $18 )23. h4 Qh7 24. Qxh7+ Kxh7 25. Re7+ { Double Attack} Kg6 {[#]} (25... Kg8 $11 {keeps the balance.
} )26. h5+ $1 $16 {} Kg5 (26... Kxh5 27. Rg7 )27. Rxb7 a5 28. g3 $1 Ra6 {[#]} 29. Rxb8 $1 { Threatening mate with Rd5+.} Rxd6 (29... Rxb8 30. Rxa6 )30. Rxf8 { Endgame KR-KR} Rd2 31. a4 Ra2 32. Kg2 $1 f5 33. Rc8 (33. c4 $16 )Rxa4 $11 34. Rc5 Ra2 35. Kf3 Kf6 $2 ({Better is} 35... a4 $11 )36. Ke3 $1 $16 Kg5 {[#]} 37. f3 $1 Kxh5 {[#]} 38. Kf4 $1 {} Kg6 39. Rc6+ ({Much weaker is} 39. Rxf5 $6 Ra4+ 40. Ke5 Rc4 $11 )Kg7 40. Kxf5 Rf2 $2 {Loses the game.} (40... Rd2 $16 {is tougher.} 41. Rc7+ Kg8 )41. Rc7+ {White is clearly winning.} Kf8 42. f4 Rf3 (42... h5 $142 43. c4 Rf3 )43. g4 $18 a4 44. c4 {} a3 45. Ra7 Rc3 46. Kf6 {
} Ke8 {[#]} 47. c5 $1 {} Rc4 (47... Rxc5 48. Rxa3 )48. f5 Rxg4 49. c6 {} Kd8 50. Rxa3 Kc7 51. Rh3 {Weighted Error Value:
White=0.08/Black=0.34} 1-0